00683nam a2200193Ia 4500003000900000008004100009020001800050040001600068080001700084100002800101245011900129260004000248300001600288650004200304650001900346942000700365999001500372952010200387IN-BaIIA211028s9999 xx 000 0 eng d a0-8359-0589-6 cIIA Library a621.317bBRA aBraccio, Michael910948 0aBasic electrical and electronic tests and measurementscMichael Braccio  aVirginiabReston Publicationsc1978 aviii, 248p. aElectronics tests measurements910949 aNASA Thesaurus cBK c6379d6379 00104070aBANbBANcGENd1979-10-30l0o621.317/ BRAp7102r2021-11-05w1979-10-30yBKG£ 5.50